<?xml version="1.0" encoding="UTF-8"?>
<collection xmlns="http://www.loc.gov/MARC21/slim">
 <record>
  <leader>     na                 </leader>
  <controlfield tag="001">INLIS000000000001790</controlfield>
  <controlfield tag="005">20220414081017</controlfield>
  <datafield tag="035" ind1=" " ind2=" ">
   <subfield code="a">0010-0422001364</subfield>
  </datafield>
  <controlfield tag="007">ta</controlfield>
  <controlfield tag="008">220414                g          0 ind  </controlfield>
  <datafield tag="020" ind1=" " ind2=" ">
   <subfield code="a">978-979-007-238-4</subfield>
  </datafield>
  <datafield tag="082" ind1=" " ind2=" ">
   <subfield code="a">R 344.07</subfield>
  </datafield>
  <datafield tag="084" ind1=" " ind2=" ">
   <subfield code="a">R 344.07 IND u</subfield>
  </datafield>
  <datafield tag="245" ind1="1" ind2=" ">
   <subfield code="a">UNDANG-UNDANG SISDIKNAS (SISTEM PENDIDIKAN NASIONAL) :</subfield>
   <subfield code="b">(UU RI No. 20 Th. 2003) /</subfield>
   <subfield code="c">Indonesia</subfield>
  </datafield>
  <datafield tag="250" ind1=" " ind2=" ">
   <subfield code="a">Cet. 6</subfield>
  </datafield>
  <datafield tag="260" ind1=" " ind2=" ">
   <subfield code="a">Jakarta :</subfield>
   <subfield code="b">Sinar Grafika,</subfield>
   <subfield code="c">2016</subfield>
  </datafield>
  <datafield tag="300" ind1=" " ind2=" ">
   <subfield code="a">ix, 227 hlm. ;</subfield>
   <subfield code="c">11 x 20,5 cm.</subfield>
   <subfield code="e">-</subfield>
  </datafield>
  <datafield tag="650" ind1=" " ind2="4">
   <subfield code="a">Pendidikan</subfield>
  </datafield>
  <datafield tag="650" ind1=" " ind2="4">
   <subfield code="a">Undang-undang dan peraturan</subfield>
  </datafield>
  <datafield tag="110" ind1="0" ind2=" ">
   <subfield code="a">Indonesia</subfield>
  </datafield>
  <datafield tag="505" ind1=" " ind2=" ">
   <subfield code="a">Dilengkapi dengan PP RI No. 48 dan 47 Th. 2008 PERMENDIKNAS No. 49, 19, 15, 13 Th. 2007</subfield>
  </datafield>
  <datafield tag="710" ind1="0" ind2=" ">
   <subfield code="a">Redaksi Sinar Grafika</subfield>
  </datafield>
  <datafield tag="856" ind1=" " ind2=" ">
   <subfield code="a">-</subfield>
  </datafield>
  <datafield tag="990" ind1=" " ind2=" ">
   <subfield code="a">R200171</subfield>
  </datafield>
 </record>
</collection>
